000 00532nam a2200181 i 4500
001 75784
003 ES-MaACL
005 20251124063453.0
007 t|
008 040927s1968 sp ||||1| cat d
100 1 _aGrau, José,
_d1931-
_9162643
245 1 0 _aTestimoniatge evangèlic
_b: (Fe, adoració i acció) /
_cJosep Grau.
250 _a[1ª ed.].
260 _aBarcelona :
_b[s.n.,
_c1968] (
_fSalvadó)
300 _a68 p., 2 lám. ;
_c20 cm.
852 _aES-MaACL
_jC-36964
_bR.66383
999 _c75784
_d75784